000 00246nam a2200097Ia 4500
008 230915s9999 xx 000 0 und d
050 _aQA152.2.A44.C.8
100 _aCARNEGIE LEARNING UNIVERSITY
245 0 _aALGEBRA 1: ASSIGNMENTS
942 _cBK
999 _c187877
_d187877